Mezigenerační spolupráce v kontextu současných změn

Význam "age managementu" v riadení zamestnancov podniku. Kľúčové faktory ovplyvňujúce ekonomický výkon zamestnancov. Spoločenská zodpovednosť organizácie a firemná kultúra. Problematika "age managementu" v súčasnom období. Dôležitá úloha vzdelávania.

Saved in:
Bibliographic Details
Main Author: Petříková, Růžena
Format: Book Chapter
Language:Czech
Subjects:
Tags: Add Tag
No Tags, Be the first to tag this record!

MARC

LEADER 00000naa a2200000 4500
001 0247032
005 20180817103705.2
041 0 |a cze 
044 |a SK 
245 1 0 |a Mezigenerační spolupráce v kontextu současných změn  |c Růžena Petříková 
520 |a Význam "age managementu" v riadení zamestnancov podniku. Kľúčové faktory ovplyvňujúce ekonomický výkon zamestnancov. Spoločenská zodpovednosť organizácie a firemná kultúra. Problematika "age managementu" v súčasnom období. Dôležitá úloha vzdelávania. 
610 2 0 |a riadenie podnikové 
610 2 0 |a vedenie ľudí 
610 2 0 |a zamestnanci 
610 2 0 |a vek 
610 2 0 |a generácie 
610 2 0 |a zamestnávatelia 
610 2 0 |a zodpovednosť podniku spoločenská 
610 2 0 |a kultúra podniková 
610 2 0 |a vzdelávanie 
100 1 |a Petříková, Růžena